000 00353nam a22001457a 4500
003 SGT
020 _a8189530065
082 _a342.095 4,SIN
100 _aSINGH,J.S.P.
245 _aSOCIO-ECONOMIC OFFENCES
260 _aFARIDABAD (HARYANA)
_bSRI SAI LAW PUBLICATIONS
_c2017
300 _a451
650 _aSOCIO-ECONOMIC OFFENCES
942 _2ddc
_cBK
_021
999 _c15143
_d15143